| 000 | 01189cam a22003377a 4500 | ||
|---|---|---|---|
| 003 | CHAP | ||
| 005 | 20220817043509.0 | ||
| 008 | 981125d1997 it r 00110 spa d | ||
| 010 | _a76715 | ||
| 011 | _a77687 | ||
| 035 | _a87357 | ||
| 040 | _cCHAP | ||
| 090 | _aFolleto 15228y v.2 | ||
| 110 | 2 | _aFAO | |
| 245 | 1 | 0 |
_aNormas internacionales para medidas fitosanitarias : _bsección 2- certificación para la exportación _c/por FAO |
| 260 |
_aRoma, Italia : _bFAO, _c1997. |
||
| 300 | _av. | ||
| 500 | _aLa biblioteca tiene : Pte. 7 Sistema de certificación para la exportación | ||
| 590 |
_aBATCH-UPD _b10 _c20130110 _lUCH01 _h1841 |
||
| 590 |
_aBATCH-UPD _b10 _c20130410 _lUCH01 _h1211 |
||
| 590 |
_aBATCH-UPD _b10 _c20130914 _lUCH01 _h1337 |
||
| 590 |
_aCONVERSION _b10 _c20130109 _lUCH01 _h1342 |
||
| 650 | 1 | 4 |
_aExportación e importación. _939074 |
| 650 | 1 | 4 |
_aPlantas _xNormas de calidad. _988873 |
| 650 | 1 | 4 |
_aSanidad vegetal. _9102224 |
| 710 | 0 |
_aSecretariado de la Convención Internacional de Protección Fitosanitaria. _9103535 |
|
| 901 | _aBK | ||
| 905 | _aAlejandra Carrasco M. | ||
| 942 | _cFOLL | ||
| 949 |
_aFolleto 15228y v.2 _bBC _cFAO _d873571 _eFAO1 _fPte. 7 _i87357 _sb |
||
| 999 |
_c76715 _d76715 |
||